000 00806nam a2200217Ia 4500
003 OSt
005 20200908152530.0
008 191128s1999 ck ad gr 000 0 spa d
040 _aCO-JMCR
_cCO-JMCR
041 0 _aspa
082 0 4 _a380.986 /
_bS683c
_223
100 1 _aRaimundo Sojo, Jose,
_eautor
_99971
245 1 3 _aEl comercio en la Historia de Colombia /
_bJose Raimundo Sojo
260 _aBogotá :
_bCamara de Comercio de Bogotá,
_c1999.
300 _a242 páginas :
_bilustraciones, tablas a blanco y negro ;
_c21 m.
505 0 _aPeríodo colonial -- Período 1810-1840 -- Período 1840-1870 -- Período 1870-1900 -- Período 1990-1930 -- Período 1930-1970
546 _aspa
650 2 4 _aComercio
_xHistoria
_zColombia
_97352
650 2 4 _aPeriodo colonial
_zColombia
_99972
942 _2ddc
_cBK
999 _c3644
_d3644